| 000 | 00860cam a2200265 4500 | ||
|---|---|---|---|
| 001 | J1886 | ||
| 008 | 090401t1990 xxu||||| |||| 00| 0 eng d | ||
| 035 | _a(Sirsi) u45992 | ||
| 041 | _aeng | ||
| 050 | _a333.0065 | ||
| 110 |
_aTouche Ross _9233 |
||
| 245 | _aStrategic issues for chartered surveyors : an industry on the move | ||
| 260 |
_aLondon _bTouche Ross _c1990 |
||
| 300 | _a9 leaves ; 30cm. | ||
| 350 | _a0 | ||
| 490 |
_aTouche Ross Strategic Issues for Chartered Surveyors Bulletin _v1 |
||
| 520 | _aReissue of publication originally produced by Spicer Consulting Group q.v. | ||
| 650 | _aABOUT RICS-RICS MEMBERS | ||
| 650 | _aCOMPETITION | ||
| 650 | _aPROFESSIONAL PRACTICE | ||
| 650 | _aSTRATEGIC ISSUES FOR CHARTERED SURVEYORS | ||
| 690 | _aMANAGEMENT-BUSINESS MANAGEMENT-PROFESSIONAL PRACTICE | ||
| 942 | _n0 | ||
| 948 | _c04/03/1997 | ||
| 999 |
_c91860 _d91860 |
||